000 00548nam a2200181Ia 4500
003 GCL
008 140319s9999 xx 000 0 ara d
040 _aGCL /
_cGCL
082 0 4 _a811.9
_bف ت
100 1 _aفوزى سعد عيسى
245 1 0 _aالتجديد فى شعر العقاد /
_cفوزى سعد عيسى
260 _a[S.N] :
_bدار المعرفة الجامعية ،
_c1990
490 _a
650 0 4 _aالشعر العربى
650 0 4 _aعباس محمود العقاد
650 0 4 _aتاريخ ونقد
942 _2ddc
_cBK
999 _c36423
_d36423